00597nam a22001697a 450000500170000001000130001702000260003003500130005603700470006908200080011610000180012424500840014226000600022627000800028630000200036649000410038620180628115709.0 aB-694172 a9788193209462c320.00 aB-694172 bRakesh Yadav Readers Publication Pvt. Ltd. a510 aYadav, Rakesh aSSC Mathematics:bChapterwise Questions with Detailed Solutions/cYadav, Rakesh aDelhibRakesh Yadav Readers Publication Pvt. Ltd.c2018 a1425, Outram Lane, Near B.B.M. Depot, GTB Nagar Delhi-110009bDelhie110009 a745p.c27cm(pb) aTypewise Questions 1999 to June 2017